000 00588cab a2200205 4500
001 WB2722-25
008 090401t1991 xxu||||| |||| 00| 0 eng d
035 _a(Sirsi) u1900
041 _aeng
245 _aJapanese investment in Britain
260 _c1991
350 _a0
490 _aFinancial Times
_v4/6/91 p18
520 _aJapan ese direct investment in the UK continued to surge last year in the run up to the Single Market .
650 _aFOREIGN
650 _aINWARD INVESTMENT
690 _aPROPERTY-PROPERTY FINANCE AND INVESTMENT
942 _n0
948 _c04/03/1997
999 _c1111
_d1111